Cage of Thrones Quiz Stats

 Plays Quiz not verified by Sporcle

Score 0/30 Timer 08:00
2 Plays Today
% Correct
Eddard Stark
97.8%
Cersei Lannister
97.3%
Daenerys Targaryen
96.5%
Stannis Baratheon
96.3%
Tywin Lannister
95.7%
Petyr Baelish
95.6%
Hodor
95.3%
Sandor Clegane
94.2%
Drogo
93.9%
Tyrion Lannister
93.6%
Jon Snow
93.2%
Robb Stark
93%
Varys
93%
Sansa Stark
92.5%
Bran Stark
92.4%
% Correct
Ygritte
92%
Joffrey Baratheon
91.5%
Melisandre
91.3%
Samwell Tarly
91.1%
Brienne of Tarth
90.6%
Arya Stark
89.7%
Oberyn Martell
88.3%
Jaime Lannister
87.6%
Margaery Tyrell
86.6%
Catelyn Stark
86.4%
Davos Seaworth
84.8%
Jorah Mormont
84.7%
Ramsay Bolton
82.6%
Theon Greyjoy
82%
Bronn
76.4%

You're not logged in!

Compare scores with friends on all Sporcle quizzes.
OR
Log In

Show Comments

Extras

Top Quizzes Today


Score Distribution

Your Account Isn't Verified!

In order to create a playlist on Sporcle, you need to verify the email address you used during registration. Go to your Sporcle Settings to finish the process.

Report this User

Report this user for behavior that violates our Community Guidelines.

Details: